| 000 | 00440nam a22001577a 4500 | ||
|---|---|---|---|
| 082 |
_a530 _bKAR _cL-6, P-14 |
||
| 100 |
_aM. Karimullah _939723 |
||
| 245 |
_aElementary physics _cM. Karimullah |
||
| 260 |
_aQuetta _bAlbert press quetta _c1953 |
||
| 300 | _av, 230p.: | ||
| 526 |
_a0 _b0 _c0 _d530_000000000000000_KAR |
||
| 526 |
_a0 _b0 _c0 _d530_000000000000000_KAR |
||
| 650 |
_aMCE _9379 |
||
| 700 |
_aM. Karimullah _939723 |
||
| 942 |
_2ddc _cBK |
||
| 999 |
_c544166 _d544166 |
||